Welcome to CU Library Online Public Access Catalogue (OPAC)

Strategic reputation risk management / (Record no. 5601)

MARC details
000 -LEADER
fixed length control field 00843cam a22002294a 4500
001 - CONTROL NUMBER
control field 12934893
005 - DATE AND TIME OF LATEST TRANSACTION
control field 20250429150113.0
008 - FIXED-LENGTH DATA ELEMENTS--GENERAL INFORMATION
fixed length control field 020918s2003 enka b 001 0 eng
020 ## - INTERNATIONAL STANDARD BOOK NUMBER
International Standard Book Number 0333995546 (cloth)
050 00 - LIBRARY OF CONGRESS CALL NUMBER
Classification number HF5387
Item number .L37 2003
082 00 - DEWEY DECIMAL CLASSIFICATION NUMBER
Classification number 658.4/08
Edition information 21
100 1# - MAIN ENTRY--PERSONAL NAME
Personal name Larkin, Judy
245 10 - TITLE STATEMENT
Title Strategic reputation risk management /
Statement of responsibility, etc. Judy Larkin.
260 ## - PUBLICATION, DISTRIBUTION, ETC.
Place of publication, distribution, etc. Houndmills, Basingstoke, Hampshire ;
-- New York :
Name of publisher, distributor, etc. Palgrave Macmillan,
Date of publication, distribution, etc. 2003.
300 ## - PHYSICAL DESCRIPTION
Extent xii, 275 p. :
Other physical details ill. ;
Dimensions 24 cm.
650 #0 - SUBJECT ADDED ENTRY--TOPICAL TERM
Topical term or geographic name entry element Business ethics.
650 #0 - SUBJECT ADDED ENTRY--TOPICAL TERM
Topical term or geographic name entry element Social responsibility of business.
650 #0 - SUBJECT ADDED ENTRY--TOPICAL TERM
Topical term or geographic name entry element Risk management.
856 42 - ELECTRONIC LOCATION AND ACCESS
Materials specified Contributor biographical information
Uniform Resource Identifier <a href="http://www.loc.gov/catdir/bios/hol052/2002035789.html">http://www.loc.gov/catdir/bios/hol052/2002035789.html</a>
856 42 - ELECTRONIC LOCATION AND ACCESS
Materials specified Publisher description
Uniform Resource Identifier <a href="http://www.loc.gov/catdir/description/hol032/2002035789.html">http://www.loc.gov/catdir/description/hol032/2002035789.html</a>
942 ## - ADDED ENTRY ELEMENTS (KOHA)
Source of classification or shelving scheme Library of Congress Classification
Koha item type Books
Suppress in OPAC No
999 ## -
-- 5601
-- 5601
Holdings
Withdrawn status Lost status Source of classification or shelving scheme Damaged status Not for loan Collection Home library Current library Shelving location Date acquired Total checkouts Full call number Barcode Date last seen Copy number Price effective from Koha item type
    Library of Congress Classification     Non-fiction Undergraduate Library (Christ Temple) Undergraduate Library (Christ Temple) General stacks 04/29/2025   HF5387 LAR ulct00002179 04/29/2025 1 04/29/2025 Books
    Library of Congress Classification     Non-fiction Undergraduate Library (Christ Temple) Undergraduate Library (Christ Temple) General stacks 04/29/2025   HF5387 LAR ulct00002180 04/29/2025 2 04/29/2025 Books
© 2023-2024 Copyright: Central University Libraries. All Rights Reserved | Created by: Mahone Tech Office